Detalles MARC
| 000 -LIDER |
| fixed length control field |
01377nam a2200313 c 4500 |
| 001 - NÚMERO DE CONTROL |
| Identificador de número de control |
|
| 003 - IDENTIFICACDOR DE NÚMERO DE CONTROL |
| control field |
|
| 005 - DATE AND TIME OF LATEST TRANSACTION |
| control field |
20230427132613.0 |
| 008 - ELEMENTOS DE LONGITUD FIJA |
| fixed length control field |
151007s2015 sp a | |||| 000 f spa |
| 020 ## - ISBN |
| International Standard Book Number |
9788420412146 |
| 040 ## - FUENTE DE CATALOGACIÓN |
| Agencia que crea de manera original el registro |
BPMSU |
| Idioma de catalogación |
spa |
| Agencia que realiza la transcripción |
BPMSU |
| Convenciones de la despripción |
|
| 082 ## - NÚMERO DE CLASIFICACIÓN DECIMAL DE DEWEY |
| Classification number |
863.3 |
| Item number |
C419d 2015 |
| Edition number |
22 |
| 100 1# - ASIENTO PRINCIPAL -- NOMBRE PERSONAL |
| Nombre personal |
Cervantes Saavedra, Miguel de |
| Fechas asociadas con el nombre |
1547-1616 |
| Authority record control number |
|
| 9 (RLIN) |
35 |
| 245 10 - MENCIÓN DE TITULO |
| Título |
Don Quijote de la Mancha / |
| Mención de responsabilidad |
Miguel de Cervantes |
| 250 ## - MENCIÓN DE EDICION |
| Mención de edición |
Edición conmemorativa IV Centenario Cervantes |
| 260 ## - PUBLICACIÓN, DISTRIBUCIÓN, ETC. (PIE DE IMPRENTA) |
| Lugar de publicación, distribución, etc |
Madrid : |
| Nombre del editor, distribuidor, etc. |
Real Academia Española ; |
| -- |
Asociación de Academias de la Lengua Española |
| Fecha de publicación, distribución, etc |
2015 |
| 300 ## - DESCRIPCIÓN FÍSICA |
| Extensión |
CXXI, 1249 p. |
| Otros detalles físicos |
il. |
| Dimensiones |
21 cm |
| 500 ## - NOTA GENERAL |
| Nota general |
Incluye (p. XXXIII-CXXI, p. 1115-1153): Una novela para el siglo XXI / Mario Vargas Llosa ; La invención del "Quijote" / Francisco Ayala ; Cervantes y el "Quijote" / Martín de Riquer ; Nota al texto / Francisco Rico. La lengua de Cervantes y el "Quijote" / José Manuel Blecua, Guillermo Rojo, José Antonio Pascual, Margit Frenk, Claudio Guillén |
| 500 ## - NOTA GENERAL |
| Nota general |
b |
| 504 ## - NOTA DE BIBLIOGRAFÍA, ETC. |
| Bibliography, etc |
Bibliografía: p. 1153-1155 |
| 590 ## - NOTA LOCAL |
| Enlace |
Inventariado, 2021/VM |
| 600 14 - ENCABEZAMIENTO DE MATERIA--NOMBRE PERSONAL |
| Nombre personal |
Cervantes Saavedra, Miguel de |
| Fechas asociadas con el nombre |
1547-1616 |
| Título de una obra |
Don Quijote de la Mancha |
| Fuente del encabezado o término |
|
| 630 #4 - ENCABEZAMIENTO DE MATERIA--TITULO UNIFORME |
| Título uniforme |
Literatura española |
| Subdivisión temática general |
|
| 650 #4 - ENCABEZAMIENTO DE MATERIA--TEMÁTICO |
| Término temático o nombre geográfico como elemento de entrada |
Novela española |
| Subdivisión temática general |
|
| 650 #4 - ENCABEZAMIENTO DE MATERIA--TEMÁTICO |
| Término temático o nombre geográfico como elemento de entrada |
Novela de aventuras |
| 650 #4 - ENCABEZAMIENTO DE MATERIA--TEMÁTICO |
| Término temático o nombre geográfico como elemento de entrada |
Caballeros y caballería |
| Subdivisión de forma |
Novela |
| 910 ## - VALIDACIÓN |
| Validación |
VMateo V. |
| 942 ## - ADDED ENTRY ELEMENTS (KOHA) |
| Source of classification or shelving scheme |
Dewey Decimal Classification |
| Koha item type |
Libros |